| 000 | 00841cam a2200265 a 4500 | ||
|---|---|---|---|
| 001 | 14615590 | ||
| 005 | 20180301032136.0 | ||
| 008 | 061030s2008 njua b 001 0 eng | ||
| 010 | _a 2006036244 | ||
| 020 | _a0132337770 | ||
| 020 | _a9780132337779 | ||
| 035 | _a(OCoLC)ocm74916157 | ||
| 035 | _a(OCoLC)74916157 | ||
| 040 |
_aDLC _cDLC _dBAKER _dBTCTA _dC#P _dYDXCP _dDLC |
||
| 041 | _aeng | ||
| 080 | _a658.4038011 DAV | ||
| 082 | 0 | 0 |
_a658.4038011 DAV _222 |
| 100 | 1 | _a58 | |
| 101 | _aECON | ||
| 245 | 1 | 0 |
_aExperiencing MIS / _cDavid M. Kroenke. |
| 504 | _aIncludes bibliographical references and index. | ||
| 906 |
_a7 _bcbc _corignew _d1 _eecip _f20 _gy-gencatlg |
||
| 942 |
_2ddc _cBK |
||
| 999 |
_c43740 _d43740 |
||